Проблемы руководства научным коллективом: опыт социально-психологического исследования

Λεπτομέρειες βιβλιογραφικής εγγραφής
Συγγραφή απο Οργανισμό/Αρχή: Академия наук СССР (АН СССР) Институт истории естествознания и техники (ИИЕТ АН СССР)
Άλλοι συγγραφείς: Ярошевский М. Г. Михаил Григорьевич (редактор)
Περίληψη:Авт. указаны на 12-й с.
Γλώσσα:Ρωσικά
Έκδοση: Москва, Наука, 1982
Θέματα:
Μορφή: MixedMaterials Βιβλίο
KOHA link:https://koha.lib.tpu.ru/cgi-bin/koha/opac-detail.pl?biblionumber=302697

MARC

LEADER 00000nam0a2200000 4500
001 302697
005 20231102001529.0
020 |a RU  |b 83-9521 
035 |a (RuTPU)RU\TPU\book\327906 
090 |a 302697 
100 |a 20150826d1982 km y0rusy5003 ca 
101 0 |a rus 
102 |a RU 
105 |a a z 001zy 
200 1 |a Проблемы руководства научным коллективом  |e опыт социально-психологического исследования  |f Академия наук СССР (АН СССР), Институт истории естествознания и техники (ИИЕТ АН СССР) ; под ред. М. Г. Ярошевского 
210 |a Москва  |c Наука  |d 1982 
215 |a 317 с.  |c ил. 
300 |a Авт. указаны на 12-й с. 
320 |a Библиогр.: с. 307-315 
606 1 |a Научный коллектив  |x Социологические исследования  |2 stltpush  |3 (RuTPU)RU\TPU\subj\66342  |9 82521 
610 1 |a социально-психологические проблемы 
610 1 |a научно-исследовательская работа 
610 1 |a управление 
610 1 |a исследовательские программы 
610 1 |a руководитель 
610 1 |a межличностные отношения 
610 1 |a научные сотрудники 
610 1 |a интенсификация 
686 |a С55.562  |2 rubbk 
702 1 |a Ярошевский  |b М. Г.  |g Михаил Григорьевич  |4 340 
712 0 2 |a Академия наук СССР (АН СССР)  |b Институт истории естествознания и техники (ИИЕТ АН СССР)  |c (Москва)  |c (1953- )  |2 stltpush  |3 (RuTPU)RU\TPU\col\8662 
801 0 |a RU  |b RuMRKP  |c 19950704  |g psbo 
801 1 |a RU  |b 63413507  |c 20150826 
801 2 |a RU  |b 63413507  |c 20190625  |g RCR 
942 |c BK